Evénements du 27 novembre - Statistiques

Statistiques générales
  • Ce quiz a été pris 29 fois
  • Le résultat moyen est 7 sur 15
Statistiques - réponses
Hint Réponse % Correct
Urbain II prêche la 1ère croisade à Clermont 1095
91%
Mort de Clovis 1er 511
91%
Naissance d'Antinoüs favori de l'empereur Hadrien 111
83%
Naissance de Mme de Maintenon 1635
65%
Naissance du mathématicien Johann Euler 1734
52%
90 bâtiments de la Marine se sabordent à Toulon pour ne pas passer aux mains des Allemands 1942
52%
Naissance d'Aldo Maccione, acteur 1935
43%
Mort du politicien Alain Peyrefitte 1999
39%
Naissance du réalisateur Claude Lanzmann 1925
35%
John Walker invente les allumettes à friction 1926
26%
Naissance de l'écrivain Philippe Delerm 1950
26%
Naissance de Bruce Lee 1940
17%
Naissance de l'entraineur Aimé Jacquet 1941
13%
Tentative d'assassinat du pape Paul VI 1970
13%
Le journal Libération cesse de paraître 1965
9%
Aucun quiz correspondant
Distribution des résultats
% des personnes avec chaque résultat
Percentile par nombre de réponses
Votre historique - résultats
Vous n’avez pas pris ce quiz